Catálogo
 En Linea

Boussingault : / (Registro nro. 32826)

Detalles MARC
000 -CABECERA
campo de control de longitud fija 00585nam a2200157 a 4500
001 - NÚMERO DE CONTROL
campo de control 000033335
005 - FECHA Y HORA DE LA ÚLTIMA TRANSACCIÓN
campo de control 20200930070203.0
008 - DATOS DE LONGITUD FIJA--INFORMACIÓN GENERAL
campo de control de longitud fija 110824s1953 dr c 000 0 spa d
040 ## - FUENTE DE LA CATALOGACIÓN
Centro catalogador/agencia de origen DO-SdBNP
Lengua de catalogación spa
Centro/agencia transcriptor BNPHU
082 ## - NÚMERO DE LA CLASIFICACIÓN DECIMAL DEWEY
Número de clasificación xxx
Número de documento/Ítem C471b
100 1# - ENTRADA PRINCIPAL--NOMBRE DE PERSONA
Nombre de persona Chardon, Carlos E.
9 (RLIN) 58926
245 10 - MENCIÓN DE TÍTULO
Título Boussingault : /
Mención de responsabilidad, etc. Carlos E. Chardon.
260 ## - PUBLICACIÓN, DISTRIBUCIÓN, ETC.
Lugar de publicación, distribución, etc. Ciudad Trujillo, República Dominicana :
Nombre del editor, distribuidor, etc. Montalvo,
Fecha de publicación, distribución, etc. 1953.
300 ## - DESCRIPCIÓN FÍSICA
Extensión 109 p. :
Otras características físicas retr. ;
Dimensiones 24 cm.
500 ## - NOTA GENERAL
Nota general Juicio crítico del eminente agrónomo del siglo XIX, su viaje a la gran Colombia y sus relaciones con El Libertador y Mnuelita Saenz
Existencias
Estado de retiro Estado de pérdida Restricciones de uso No para préstamo Código de colección Localización permanente Ubicación/localización actual Ubicación en estantería Fecha de adquisición Número de inventario Total de préstamos Signatura topográfica completa Código de barras Fecha visto por última vez Número de copia Precio válido a partir de Tipo de ítem Koha Nota pública
    Préstamo interno   Dominicana de Servicio General General Depósito 08.07.2013 LF1   xxx C471b 33335-30 25.06.2020 e. 3 25.06.2020 Libro y Folleto Colección Dominicana de Servicio  
      Excluido de préstamo Raros y valiosos Patrimonio Dominicano Patrimonio Dominicano Depósito 24.08.2011 LF1   xxx C471b 33335-10 25.06.2020   25.06.2020 No se presta Perteneció a la biblioteca personal de Rafael Andres Ortega
      Excluido de préstamo Raros y valiosos Patrimonio Dominicano Patrimonio Dominicano Depósito 24.08.2011 LF1   xxx C471b 33335-20 25.06.2020 e. 2 25.06.2020 No se presta  

Con tecnología Koha